[Event "3. Open Distrito Chamartín 2014"]
[Site "Madrid ESP"]
[Date "2014.09.10"]
[Round "5.4"]
[White "Gonzalez Aguirre, Luis"]
[Black "Soto Martin, Pablo"]
[Result "1-0"]
[WhiteElo "2089"]
[BlackElo "1781"]
[PlyCount "71"]
[EventDate "2014.09.07"]
[EventType "swiss"]
[EventRounds "9"]
[EventCountry "ESP"]
[SourceTitle "Ajedrez en Madrid"]
[Source "lmi"]
[SourceDate "2014.09.07"]
[SourceVersion "1"]
[SourceVersionDate "2015.07.30"]
[SourceQuality "1"]

1. d4 Nf6 2. Nf3 g6 3. c4 Bg7 4. Nc3 O-O 5. Bg5 d6 6. e3 c5 7. d5 h6 8. Bh4 g5
9. Bg3 Nh5 10. Nd2 Nxg3 11. hxg3 Bf5 12. Be2 Nd7 13. g4 Bh7 14. Nf1 Nf6 15. Ng3
e6 16. Qd2 Qd7 17. f3 a6 18. Bd3 Rab8 19. Bxh7+ Nxh7 20. a4 Qc7 21. Qc2 Nf6 22.
Rd1 Rbd8 23. Kf2 Nd7 24. Nh5 Ne5 25. Nxg7 Kxg7 26. Ne4 f5 27. Ng3 fxg4 28. Rxh6
Rh8 29. Rxe6 gxf3 30. Qf5 Qf7 31. Qxg5+ Kf8 32. Qxd8+ Kg7 33. Qg5+ Kf8 34. Nf5
Qd7 35. Qf6+ Kg8 36. Re8+ 1-0

[Event "3. Open Distrito Chamartín 2014"]
[Site "Madrid ESP"]
[Date "2014.09.10"]
[Round "5.5"]
[White "Barria Zuniga, Daniel"]
[Black "Abul, Qasem"]
[Result "1-0"]
[WhiteElo "2427"]
[BlackElo "1994"]
[PlyCount "66"]
[EventDate "2014.09.07"]
[EventType "swiss"]
[EventRounds "9"]
[EventCountry "ESP"]
[SourceTitle "Ajedrez en Madrid"]
[Source "lmi"]
[SourceDate "2014.09.07"]
[SourceVersion "1"]
[SourceVersionDate "2015.07.30"]
[SourceQuality "1"]

1. d4 g6 2. c4 Bg7 3. Nc3 d6 4. e4 Nc6 5. Be3 e5 6. Nf3 Bg4 7. d5 Nd4 8. Nb5
Nxb5 9. cxb5 Ne7 10. Be2 O-O 11. O-O Qd7 12. Rc1 Rfc8 13. a4 f5 14. Ng5 Bxe2
15. Qxe2 Bf6 16. Bd2 h6 17. Nh3 fxe4 18. Qxe4 Kg7 19. f3 a6 20. bxa6 Rxa6 21.
b3 c6 22. dxc6 Raxc6 23. Nf2 d5 24. Qd3 Kh7 25. Rxc6 Rxc6 26. Rc1 Qc7 27. Rxc6
Qxc6 28. g3 Nf5 29. Kg2 h5 30. a5 Kg7 31. Qc3 e4 32. Qxc6 exf3+ 33. Kg1 bxc6
1-0

[Event "3. Open Distrito Chamartín 2014"]
[Site "Madrid ESP"]
[Date "2014.09.10"]
[Round "5.6"]
[White "Fernandez Lledo, Javier"]
[Black "Pinel Mirasierra, Jose Pablo"]
[Result "1-0"]
[WhiteElo "2251"]
[BlackElo "1963"]
[PlyCount "105"]
[EventDate "2014.09.07"]
[EventType "swiss"]
[EventRounds "9"]
[EventCountry "ESP"]
[SourceTitle "Ajedrez en Madrid"]
[Source "lmi"]
[SourceDate "2014.09.07"]
[SourceVersion "1"]
[SourceVersionDate "2015.07.30"]
[SourceQuality "1"]

1. e4 c6 2. d4 d5 3. e5 g6 4. Bd3 Bg7 5. f4 h5 6. Nf3 Nh6 7. O-O Bf5 8. Bxf5
Nxf5 9. e6 f6 10. b3 Na6 11. Re1 Qb6 12. Nc3 O-O-O 13. Na4 Qc7 14. g3 Qd6 15.
Bd2 Kb8 16. a3 Ka8 17. Qe2 c5 18. dxc5 Nxc5 19. Bb4 b6 20. Qb5 Qc7 21. Bxc5
bxc5 22. Qxc5 Qxc5+ 23. Nxc5 d4 24. Rad1 Ne3 25. Rd2 f5 26. Nh4 d3 27. Rxd3
Rxd3 28. Nxd3 Nxc2 29. Rc1 Nd4 30. Rc7 Nxe6 31. Rxe7 Bd4+ 32. Kf1 Nc5 33. Nxg6
Rg8 34. Nxc5 Bxc5 35. Re5 Bxa3 36. Nh4 Rb8 37. Re3 Rb5 38. Ke2 Bb2 39. Kd1 Bf6
40. Nf3 Kb7 41. Kc2 Rb4 42. Re6 Bd8 43. Rh6 h4 44. Nxh4 Bxh4 45. Rxh4 Re4 46.
Kd3 Rb4 47. Kc3 Re4 48. Rh5 Re2 49. Rxf5 Rxh2 50. Rd5 Kc6 51. Rd3 Rf2 52. Kd4
Kd6 53. Ke4+ 1-0

[Event "3. Open Distrito Chamartín 2014"]
[Site "Madrid ESP"]
[Date "2014.09.10"]
[Round "5.7"]
[White "Semprun Martinez, Fernando"]
[Black "Lopez Heras, Arturo"]
[Result "1-0"]
[WhiteElo "2181"]
[BlackElo "1879"]
[PlyCount "61"]
[EventDate "2014.09.07"]
[EventType "swiss"]
[EventRounds "9"]
[EventCountry "ESP"]
[SourceTitle "Ajedrez en Madrid"]
[Source "lmi"]
[SourceDate "2014.09.07"]
[SourceVersion "1"]
[SourceVersionDate "2015.07.30"]
[SourceQuality "1"]

1. e4 e5 2. Nf3 Nc6 3. Bb5 a6 4. Ba4 d6 5. d4 b5 6. Bb3 exd4 7. Bd5 Qd7 8. Nxd4
Nge7 9. Nxc6 Nxc6 10. O-O Be7 11. Nc3 O-O 12. a4 b4 13. Bxc6 Qxc6 14. Nd5 Re8
15. Bd2 a5 16. c3 b3 17. Qxb3 Ba6 18. Rfe1 Bc4 19. Qc2 Bxd5 20. exd5 Qxd5 21.
Rad1 Bf6 22. c4 Qh5 23. Be3 Rab8 24. b3 Re6 25. Rd5 Be5 26. f4 Rh6 27. g3 Rxb3
28. fxe5 Rc3 29. Qd2 g5 30. exd6 cxd6 31. Rxg5+ 1-0

[Event "3. Open Distrito Chamartín 2014"]
[Site "Madrid ESP"]
[Date "2014.09.10"]
[Round "5.8"]
[White "Corral Aragon, Juan Maria"]
[Black "Barez Menendez, Hector"]
[Result "0-1"]
[WhiteElo "1839"]
[BlackElo "2163"]
[PlyCount "94"]
[EventDate "2014.09.07"]
[EventType "swiss"]
[EventRounds "9"]
[EventCountry "ESP"]
[SourceTitle "Ajedrez en Madrid"]
[Source "lmi"]
[SourceDate "2014.09.07"]
[SourceVersion "1"]
[SourceVersionDate "2015.07.30"]
[SourceQuality "1"]

1. e4 e5 2. Nf3 Nf6 3. Nxe5 d6 4. Nf3 Nxe4 5. d4 d5 6. Bd3 Nc6 7. c4 Bb4+ 8.
Bd2 Nxd2 9. Nbxd2 Qe7+ 10. Qe2 Qxe2+ 11. Bxe2 dxc4 12. Bxc4 O-O 13. O-O-O Bg4
14. a3 Bxd2+ 15. Rxd2 Bxf3 16. gxf3 Rad8 17. d5 Ne5 18. Be2 Rd6 19. f4 Ng6 20.
f5 Ne7 21. Bc4 Rfd8 22. Re1 Kf8 23. f6 Rxf6 24. Rde2 Nc8 25. Ba2 g6 26. Kb1 Nd6
27. Rc1 Rd7 28. Rec2 Ne8 29. Bb3 Rf4 30. Bc4 a6 31. a4 Rh4 32. f3 Rh3 33. b4
Rxf3 34. Ka2 Rf4 35. Ka3 Nd6 36. Bb3 Ne8 37. a5 Rf3 38. Kb2 Rh3 39. Ba4 Rxd5
40. Re2 Nd6 41. Rxc7 Rd4 42. Bd7 Rhh4 43. b5 axb5 44. Rf2 Rb4+ 45. Kc1 Rbc4+
46. Rc2 Rxc7 47. Rxc7 Rc4+ 0-1

[Event "3. Open Distrito Chamartín 2014"]
[Site "Madrid ESP"]
[Date "2014.09.10"]
[Round "5.9"]
[White "Fernandez Aransay, Fernando"]
[Black "Aziz Ortego, Omar Luis"]
[Result "0-1"]
[WhiteElo "1838"]
[BlackElo "2094"]
[PlyCount "52"]
[EventDate "2014.09.07"]
[EventType "swiss"]
[EventRounds "9"]
[EventCountry "ESP"]
[SourceTitle "Ajedrez en Madrid"]
[Source "lmi"]
[SourceDate "2014.09.07"]
[SourceVersion "1"]
[SourceVersionDate "2015.07.30"]
[SourceQuality "1"]

1. e4 c5 2. Nf3 d6 3. d4 cxd4 4. Nxd4 Nf6 5. Nc3 a6 6. Bc4 Nbd7 7. Bb3 Nc5 8.
Qf3 e5 9. Nde2 b5 10. Ng3 Bb7 11. O-O Nxb3 12. axb3 h6 13. Nf5 b4 14. Nd5 Nxd5
15. exd5 g6 16. Ne3 f5 17. Nc4 a5 18. Re1 Bg7 19. Be3 Ra6 20. Qg3 g5 21. f4 O-O
22. Qf2 Bxd5 23. Bb6 Qb8 24. Be3 gxf4 25. Bxf4 exf4 26. Qxf4 Be4 0-1

[Event "3. Open Distrito Chamartín 2014"]
[Site "Madrid ESP"]
[Date "2014.09.10"]
[Round "5.10"]
[White "Madurga Lopez, Ignacio"]
[Black "Camarero Izquierdo, Juan Carlo"]
[Result "1-0"]
[WhiteElo "2089"]
[BlackElo "1836"]
[PlyCount "109"]
[EventDate "2014.09.07"]
[EventType "swiss"]
[EventRounds "9"]
[EventCountry "ESP"]
[SourceTitle "Ajedrez en Madrid"]
[Source "lmi"]
[SourceDate "2014.09.07"]
[SourceVersion "1"]
[SourceVersionDate "2015.07.30"]
[SourceQuality "1"]

1. e4 c5 2. Nf3 d6 3. d4 cxd4 4. Nxd4 Nf6 5. Nc3 a6 6. Bc4 e6 7. Bb3 Be7 8. Be3
O-O 9. Qe2 Nc6 10. O-O-O Nxd4 11. Rxd4 Qc7 12. Rdd1 b5 13. g4 Bb7 14. f3 Nd7
15. a3 Rac8 16. Qf1 Nc5 17. Kb1 Qc6 18. Qe2 Ba8 19. Ba2 Rb8 20. Qd2 b4 21. axb4
Rxb4 22. Nd5 Rxb2+ 23. Kxb2 Na4+ 24. Ka1 exd5 25. exd5 Qc7 26. Bd4 Rc8 27. c4
Nc5 28. Rhe1 Bf8 29. Rb1 a5 30. Rb5 a4 31. Qa5 Qd7 32. Reb1 Qe8 33. Re1 Qd7 34.
Reb1 Qe8 35. Qd2 g6 36. h4 Bg7 37. Bxg7 Kxg7 38. Qd4+ Kg8 39. h5 Qf8 40. f4 Re8
41. f5 Nd7 42. Ra5 Nc5 43. hxg6 fxg6 44. fxg6 h6 45. Rab5 Qf3 46. Rb8 Qf8 47.
Rxe8 Qxe8 48. Qf6 Nb3+ 49. Bxb3 axb3 50. Qf7+ Qxf7 51. gxf7+ Kxf7 52. Rxb3 Kf6
53. Rb8 Bxd5 54. cxd5 Ke5 55. Rh8 1-0

[Event "3. Open Distrito Chamartín 2014"]
[Site "Madrid ESP"]
[Date "2014.09.10"]
[Round "5.11"]
[White "Beyerholm, Arne"]
[Black "Mihalcea, George Andrei"]
[Result "1-0"]
[WhiteElo "2024"]
[BlackElo "1707"]
[PlyCount "139"]
[EventDate "2014.09.07"]
[EventType "swiss"]
[EventRounds "9"]
[EventCountry "ESP"]
[SourceTitle "Ajedrez en Madrid"]
[Source "lmi"]
[SourceDate "2014.09.07"]
[SourceVersion "1"]
[SourceVersionDate "2015.07.30"]
[SourceQuality "1"]

1. d4 e6 2. c4 d5 3. Nf3 c6 4. g3 f5 5. Bg2 Nf6 6. O-O Nbd7 7. b3 Bd6 8. Ba3
Qe7 9. Bxd6 Qxd6 10. Qc1 O-O 11. Qa3 Qxa3 12. Nxa3 Re8 13. cxd5 exd5 14. e3 Ne4
15. Rfc1 a5 16. Rc2 Ndf6 17. Ne5 Nd7 18. Nxd7 Bxd7 19. Nb1 Be6 20. Nd2 Nxd2 21.
Rxd2 Bf7 22. Bf3 Re7 23. Rc2 Ree8 24. Kf1 g5 25. Kg2 Bg6 26. Rc5 Rf8 27. Re1
Kg7 28. Rcc1 g4 29. Be2 Kf6 30. h3 h5 31. h4 Ke6 32. Red1 Kf6 33. Kf1 Ke6 34.
Ke1 Kd6 35. Kd2 Bf7 36. Kc3 Be6 37. Ra1 b5 38. Kb2 Rac8 39. a3 Bd7 40. Rac1
Rfe8 41. Bd3 Rf8 42. Rc5 Rb8 43. Rdc1 Rb7 44. Ra1 Ra7 45. b4 a4 46. Rac1 Rb7
47. Kc3 Rbb8 48. Kd2 Rb7 49. Ke2 Be8 50. Rg1 Ra7 51. Rcc1 Raf7 52. Rcf1 Rf6 53.
f3 Ke6 54. fxg4 fxg4 55. Rf4 Rxf4 56. exf4 Rf6 57. Re1 Bg6 58. Bxg6 Rxg6 59.
Kd3+ Kf7 60. Re5 Rh6 61. Ke3 Re6 62. f5 Rxe5+ 63. dxe5 Ke7 64. Kd4 Kf7 65. Kc5
Ke8 66. f6 Kd7 67. f7 Ke7 68. e6 Kf8 69. Kd6 d4 70. e7+ 1-0

[Event "3. Open Distrito Chamartín 2014"]
[Site "Madrid ESP"]
[Date "2014.09.10"]
[Round "5.12"]
[White "Quispe Arteaga, Gabriel"]
[Black "Gonzalez Perez, Pedro"]
[Result "0-1"]
[WhiteElo "1777"]
[BlackElo "2009"]
[PlyCount "148"]
[EventDate "2014.09.07"]
[EventType "swiss"]
[EventRounds "9"]
[EventCountry "ESP"]
[SourceTitle "Ajedrez en Madrid"]
[Source "lmi"]
[SourceDate "2014.09.07"]
[SourceVersion "1"]
[SourceVersionDate "2015.07.30"]
[SourceQuality "1"]

1. d4 d5 2. e3 e6 3. c4 c6 4. Nf3 f5 5. Ne5 Nf6 6. Bd3 Bd6 7. cxd5 exd5 8. b3
Qe7 9. Nf3 O-O 10. O-O Ne4 11. a4 Bd7 12. Ba3 Be8 13. Bxd6 Nxd6 14. Ne5 Nd7 15.
Nxd7 Bxd7 16. Nd2 Be8 17. Be2 f4 18. exf4 Rxf4 19. Nf3 Bh5 20. Re1 Qf6 21. Ne5
Bxe2 22. Qxe2 Rxd4 23. Nd7 Qf5 24. Nc5 Ne4 25. Qe3 Rb4 26. Rab1 Nxc5 27. Qxc5
Re4 28. Rf1 a6 29. b4 Rae8 30. b5 axb5 31. axb5 Re2 32. h3 Qc2 33. Rbc1 Qxc5
34. Rxc5 R8e6 35. Kh2 Rb2 36. bxc6 bxc6 37. Rfc1 Rb6 38. f4 g6 39. Rf1 Kf7 40.
Ra5 Rb7 41. Ra8 Ke7 42. g4 d4 43. Rd1 c5 44. Kg3 Kd6 45. f5 Re3+ 46. Kf4 gxf5
47. Kxf5 Rxh3 48. Ke4 Re7+ 49. Kf5 Kd5 50. Rd8+ Kc4 51. Rc1+ Rc3 52. Ra1 Rf3+
53. Kg5 Re5+ 54. Kh4 Rd5 55. Rc8 Kb3 56. Rc1 Rc3 57. Rb8+ Kc4 58. Rd1 d3 59.
Rbb1 Rc2 60. Kg3 Kc3 61. Kf3 c4 62. Ke4 Rd4+ 63. Kf3 Rd7 64. Ke4 Re2+ 65. Kf3
Rf7+ 66. Kg3 d2 67. Ra1 Kd3 68. Ra8 c3 69. Rd8+ Kc2 70. Ra1 Re1 71. Ra2+ Kc1
72. Ra3 c2 73. Ra1+ Kb2 74. Rxd2 Rxa1 0-1

[Event "3. Open Distrito Chamartín 2014"]
[Site "Madrid ESP"]
[Date "2014.09.10"]
[Round "5.13"]
[White "De La Rosa Y Manrique De Lara, Gonzalo"]
[Black "Plazuelo Pascual, Juan"]
[Result "0-1"]
[WhiteElo "2050"]
[BlackElo "1995"]
[PlyCount "114"]
[EventDate "2014.09.07"]
[EventType "swiss"]
[EventRounds "9"]
[EventCountry "ESP"]
[SourceTitle "Ajedrez en Madrid"]
[Source "lmi"]
[SourceDate "2014.09.07"]
[SourceVersion "1"]
[SourceVersionDate "2015.07.30"]
[SourceQuality "1"]

1. b3 e5 2. Bb2 Nc6 3. e3 d5 4. Bb5 Bd6 5. f4 Qh4+ 6. g3 Qe7 7. Qf3 Nf6 8.
Bxc6+ bxc6 9. f5 e4 10. Qf1 Be5 11. Nc3 Qd7 12. Nge2 Qxf5 13. O-O-O Qxf1 14.
Rdxf1 Bg4 15. h3 Bf3 16. Rhg1 O-O-O 17. Nd4 Bxd4 18. exd4 Nd7 19. Nd1 Bxd1 20.
Kxd1 f6 21. Rg2 Rde8 22. Re2 a6 23. g4 Kd8 24. Re3 Nf8 25. b4 Nd7 26. Ra3 Nb8
27. Bc1 Rhf8 28. d3 Kc8 29. dxe4 Rxe4 30. Rd3 Nd7 31. c3 g6 32. Bf4 Rfe8 33.
Bd2 R8e6 34. Rdf3 Kd8 35. a4 Ke7 36. a5 Re2 37. R1f2 Rxf2 38. Rxf2 Nf8 39. Kc2
Re4 40. Kd3 Ne6 41. Be3 Nd8 42. Bf4 Kd7 43. Bh6 Re6 44. Be3 Nb7 45. Bd2 Nd6 46.
Re2 Rxe2 47. Kxe2 Ne4 48. Be1 Ke6 49. Kf3 f5 50. h4 fxg4+ 51. Kxg4 Kf6 52. Kf4
h5 53. c4 Nd6 54. cxd5 cxd5 55. Bd2 c6 56. Be1 Ne4 57. Ke3 Kf5 0-1

[Event "3. Open Distrito Chamartín 2014"]
[Site "Madrid ESP"]
[Date "2014.09.10"]
[Round "5.14"]
[White "Renteria, Jorge"]
[Black "Tronch Ilzarbe, Carlos Maria"]
[Result "1-0"]
[WhiteElo "2313"]
[BlackElo "1739"]
[PlyCount "61"]
[EventDate "2014.09.07"]
[EventType "swiss"]
[EventRounds "9"]
[EventCountry "ESP"]
[SourceTitle "Ajedrez en Madrid"]
[Source "lmi"]
[SourceDate "2014.09.07"]
[SourceVersion "1"]
[SourceVersionDate "2015.07.30"]
[SourceQuality "1"]

1. e4 c5 2. Nf3 d6 3. d4 cxd4 4. Nxd4 Nf6 5. Nc3 a6 6. Bg5 e6 7. f4 Be7 8. Qe2
Qc7 9. O-O-O Nbd7 10. g4 b5 11. a3 Bb7 12. Bg2 Rc8 13. Rhe1 O-O 14. Bh4 Qa5 15.
Nb3 Qb6 16. e5 Rxc3 17. exf6 Bxf6 18. g5 Rxc2+ 19. Kxc2 Bxg2 20. Qxg2 Be7 21.
Kb1 a5 22. f5 d5 23. fxe6 fxe6 24. Rf1 Rxf1 25. Rxf1 a4 26. Nc1 Qd4 27. Qf2
Qe4+ 28. Ka1 Qg6 29. Nd3 e5 30. Qf5 Qxf5 31. Rxf5 1-0

[Event "3. Open Distrito Chamartín 2014"]
[Site "Madrid ESP"]
[Date "2014.09.10"]
[Round "5.15"]
[White "Gonzalez Mateos, Rafael"]
[Black "Martinez Miura, Enrique"]
[Result "1-0"]
[WhiteElo "2016"]
[BlackElo "1710"]
[PlyCount "61"]
[EventDate "2014.09.07"]
[EventType "swiss"]
[EventRounds "9"]
[EventCountry "ESP"]
[SourceTitle "Ajedrez en Madrid"]
[Source "lmi"]
[SourceDate "2014.09.07"]
[SourceVersion "1"]
[SourceVersionDate "2015.07.30"]
[SourceQuality "1"]

1. d4 e6 2. c3 d5 3. Nf3 Nf6 4. Bg5 Be7 5. Nbd2 Nbd7 6. e3 O-O 7. Bd3 c5 8. Qc2
h6 9. h4 c4 10. Be2 Ng4 11. Bxe7 Qxe7 12. Ng5 hxg5 13. Bxg4 gxh4 14. O-O-O f5
15. Be2 Kf7 16. g3 Rh8 17. Nf3 g5 18. gxh4 gxh4 19. Rdg1 b5 20. Rg2 Bb7 21.
Rgh2 Rag8 22. Rxh4 Rxh4 23. Rxh4 Qf6 24. Qd1 e5 25. dxe5 Nxe5 26. Nxe5+ Qxe5
27. Bf3 Kf6 28. Qh1 a5 29. Rh7 Ba8 30. Qh4+ Ke6 31. Qe7# 1-0

[Event "3. Open Distrito Chamartín 2014"]
[Site "Madrid ESP"]
[Date "2014.09.11"]
[Round "6.1"]
[White "Perez Mitjans, Orelvis"]
[Black "Roa Alonso, Santiago"]
[Result "1-0"]
[WhiteElo "2440"]
[BlackElo "2397"]
[PlyCount "68"]
[EventDate "2014.09.07"]
[EventType "swiss"]
[EventRounds "9"]
[EventCountry "ESP"]
[SourceTitle "Ajedrez en Madrid"]
[Source "lmi"]
[SourceDate "2014.09.07"]
[SourceVersion "1"]
[SourceVersionDate "2015.07.30"]
[SourceQuality "1"]

1. e4 e5 2. Nf3 Nc6 3. Bb5 a6 4. Ba4 Nf6 5. d3 b5 6. Bb3 Be7 7. O-O d6 8. c3
O-O 9. Re1 Re8 10. Ng5 Rf8 11. Nd2 Bg4 12. Ngf3 Na5 13. Bc2 c5 14. h3 Bd7 15.
Nf1 Re8 16. Ng3 Qc7 17. Bg5 h6 18. Bd2 Bf8 19. d4 Nc4 20. Bc1 cxd4 21. cxd4
Rac8 22. Re2 exd4 23. Nxd4 d5 24. b3 Na3 25. Bd3 Bc5 26. Bb2 dxe4 27. Nxe4 Nxe4
28. Bxe4 Rcd8 29. Qd3 Bc6 30. Rc1 Bxe4 31. Rxe4 Qd6 32. Rg4 g6 33. Qf3 Re5 34.
Nc6 Qc7 1-0

[Event "3. Open Distrito Chamartín 2014"]
[Site "Madrid ESP"]
[Date "2014.09.11"]
[Round "6.2"]
[White "Barria Zuniga, Daniel"]
[Black "Gonzalez Aguirre, Luis"]
[Result "1-0"]
[WhiteElo "2427"]
[BlackElo "2089"]
[PlyCount "54"]
[EventDate "2014.09.07"]
[EventType "swiss"]
[EventRounds "9"]
[EventCountry "ESP"]
[SourceTitle "Ajedrez en Madrid"]
[Source "lmi"]
[SourceDate "2014.09.07"]
[SourceVersion "1"]
[SourceVersionDate "2015.07.30"]
[SourceQuality "1"]

1. d4 d5 2. c4 e6 3. Nf3 Nf6 4. Bg5 Be7 5. Nc3 O-O 6. Qc2 h6 7. Bxf6 Bxf6 8.
O-O-O b6 9. e4 dxe4 10. Qxe4 c6 11. h4 Re8 12. g4 g6 13. Bd3 Bg7 14. g5 h5 15.
Ne5 Qe7 16. Qf4 Bb7 17. Ne4 Nd7 18. Nxd7 Qxd7 19. Nf6+ Bxf6 20. gxf6 Kh7 21.
Rhg1 Rh8 22. Bxg6+ fxg6 23. Rxg6 Kxg6 24. Qg5+ Kf7 25. Qg7+ Ke8 26. Qxh8+ Kf7
27. Qg7+ Ke8 1-0

[Event "3. Open Distrito Chamartín 2014"]
[Site "Madrid ESP"]
[Date "2014.09.11"]
[Round "6.3"]
[White "Barez Menendez, Hector"]
[Black "Hernando Pertierra, Jose C"]
[Result "0-1"]
[WhiteElo "2163"]
[BlackElo "2379"]
[PlyCount "58"]
[EventDate "2014.09.07"]
[EventType "swiss"]
[EventRounds "9"]
[EventCountry "ESP"]
[SourceTitle "Ajedrez en Madrid"]
[Source "lmi"]
[SourceDate "2014.09.07"]
[SourceVersion "1"]
[SourceVersionDate "2015.07.30"]
[SourceQuality "1"]

1. d4 b6 2. Nf3 Bb7 3. e3 g6 4. Bd3 Bg7 5. O-O d6 6. e4 Nd7 7. c4 e5 8. dxe5
dxe5 9. Bg5 Ngf6 10. Nc3 O-O 11. Nd5 c6 12. Nxf6+ Bxf6 13. Be3 Qe7 14. Qc2 c5
15. a4 Nb8 16. b4 cxb4 17. a5 Nd7 18. axb6 axb6 19. Nd2 Nc5 20. Rxa8 Rxa8 21.
Rb1 Bg5 22. Bxg5 Qxg5 23. Bf1 Ra4 24. g3 Qd8 25. Bg2 Qd4 26. h4 Ra1 27. Nf3
Bxe4 28. Nxd4 Rxb1+ 29. Qxb1 Bxb1 0-1

[Event "3. Open Distrito Chamartín 2014"]
[Site "Madrid ESP"]
[Date "2014.09.11"]
[Round "6.5"]
[White "Lisarri Tomas, Antonio"]
[Black "Nieto De La Cruz, Julio"]
[Result "0-1"]
[WhiteElo "2033"]
[BlackElo "2179"]
[PlyCount "56"]
[EventDate "2014.09.07"]
[EventType "swiss"]
[EventRounds "9"]
[EventCountry "ESP"]
[SourceTitle "Ajedrez en Madrid"]
[Source "lmi"]
[SourceDate "2014.09.07"]
[SourceVersion "1"]
[SourceVersionDate "2015.07.30"]
[SourceQuality "1"]

1. e4 c5 2. Nf3 d6 3. d3 Nc6 4. g3 Bg4 5. Bg2 Nf6 6. h3 Bh5 7. O-O Qd7 8. g4
Bg6 9. Bf4 e5 10. Bg3 Be7 11. Nc3 O-O-O 12. Nh4 Nd4 13. f4 exf4 14. Bxf4 Ne6
15. Bg3 h5 16. Nf5 hxg4 17. hxg4 Ng5 18. Kf2 Bxf5 19. gxf5 g6 20. Ke1 gxf5 21.
Rxf5 Rdg8 22. Ne2 d5 23. Qd2 Ne6 24. exd5 Nd4 25. Qf4 Bd6 26. Re5 Nh5 27. Rxh5
Bxf4 28. Nxf4 Rxh5 0-1

[Event "3. Open Distrito Chamartín 2014"]
[Site "Madrid ESP"]
[Date "2014.09.11"]
[Round "6.6"]
[White "Balsinde Montemayor, Pablo"]
[Black "Renteria, Jorge"]
[Result "0-1"]
[WhiteElo "1849"]
[BlackElo "2313"]
[PlyCount "62"]
[EventDate "2014.09.07"]
[EventType "swiss"]
[EventRounds "9"]
[EventCountry "ESP"]
[SourceTitle "Ajedrez en Madrid"]
[Source "lmi"]
[SourceDate "2014.09.07"]
[SourceVersion "1"]
[SourceVersionDate "2015.07.30"]
[SourceQuality "1"]

1. d4 Nf6 2. c4 g6 3. Nc3 Bg7 4. e4 d6 5. f4 O-O 6. Nf3 c5 7. d5 Bg4 8. Be2 Na6
9. O-O Nc7 10. h3 Bxf3 11. Bxf3 Nd7 12. Qc2 Rb8 13. Bd2 a6 14. a4 b5 15. axb5
axb5 16. Nxb5 Nxb5 17. cxb5 Rxb5 18. Bc3 Qb6 19. Rfb1 Rb8 20. Bxg7 Kxg7 21. Ra2
Rb3 22. Kh2 Kg8 23. h4 c4 24. Qxc4 Qf2 25. Qc7 Rxf3 26. Qxd7 Rxf4 27. Ra3 Rxh4+
28. Rh3 Qf4+ 29. Kg1 Rxh3 30. gxh3 Qe3+ 31. Kh2 Qxe4 0-1

[Event "3. Open Distrito Chamartín 2014"]
[Site "Madrid ESP"]
[Date "2014.09.11"]
[Round "6.7"]
[White "Abul, Qasem"]
[Black "Alvarez Serrano, Carlos"]
[Result "1-0"]
[WhiteElo "1994"]
[BlackElo "1936"]
[PlyCount "27"]
[EventDate "2014.09.07"]
[EventType "swiss"]
[EventRounds "9"]
[EventCountry "ESP"]
[SourceTitle "Ajedrez en Madrid"]
[Source "lmi"]
[SourceDate "2014.09.07"]
[SourceVersion "1"]
[SourceVersionDate "2015.07.30"]
[SourceQuality "1"]

1. f3 g6 2. e4 d5 3. d4 dxe4 4. fxe4 e5 5. Nf3 Bg4 6. Bc4 Qe7 7. O-O Nd7 8. h3
Bxf3 9. Qxf3 f6 10. Qb3 Nh6 11. Qxb7 Nb6 12. Qc6+ Qd7 13. Bb5 Rd8 14. Qe6+ 1-0

[Event "3. Open Distrito Chamartín 2014"]
[Site "Madrid ESP"]
[Date "2014.09.11"]
[Round "6.8"]
[White "Pinel Mirasierra, Jose Pablo"]
[Black "Corral Aragon, Juan Maria"]
[Result "1-0"]
[WhiteElo "1963"]
[BlackElo "1839"]
[PlyCount "77"]
[EventDate "2014.09.07"]
[EventType "swiss"]
[EventRounds "9"]
[EventCountry "ESP"]
[SourceTitle "Ajedrez en Madrid"]
[Source "lmi"]
[SourceDate "2014.09.07"]
[SourceVersion "1"]
[SourceVersionDate "2015.07.30"]
[SourceQuality "1"]

1. d4 d5 2. c4 c6 3. Nf3 dxc4 4. e3 b5 5. a4 e6 6. axb5 cxb5 7. b3 Bb4+ 8. Bd2
Bxd2+ 9. Nfxd2 a5 10. bxc4 b4 11. c5 Nf6 12. Bb5+ Bd7 13. Qa4 O-O 14. Nc4 Bxb5
15. Qxb5 Qd5 16. O-O Nbd7 17. Nxa5 Rfb8 18. Qd3 Nxc5 19. Qc2 Nce4 20. Nc6 Qxc6
21. Qxc6 Rxa1 22. f3 Ng5 23. h4 Nh3+ 24. gxh3 Nd5 25. Qd6 Rba8 26. e4 Ne3 27.
Qxb4 Nxf1 28. Kxf1 h6 29. Kf2 R8a4 30. Qb8+ Kh7 31. d5 exd5 32. exd5 Rxh4 33.
d6 Rd4 34. Qb2 Raa4 35. d7 g6 36. Nc3 Ra6 37. Qb7 Rad6 38. Ne4 Re6 39. d8=Q 1-0

[Event "3. Open Distrito Chamartín 2014"]
[Site "Madrid ESP"]
[Date "2014.09.11"]
[Round "6.9"]
[White "Alonso Aranzabal, Inigo"]
[Black "Fernandez Aransay, Fernando"]
[Result "1-0"]
[WhiteElo "1960"]
[BlackElo "1838"]
[PlyCount "71"]
[EventDate "2014.09.07"]
[EventType "swiss"]
[EventRounds "9"]
[EventCountry "ESP"]
[SourceTitle "Ajedrez en Madrid"]
[Source "lmi"]
[SourceDate "2014.09.07"]
[SourceVersion "1"]
[SourceVersionDate "2015.07.30"]
[SourceQuality "1"]

1. e4 c5 2. c3 d6 3. d4 cxd4 4. cxd4 a6 5. Nc3 g6 6. Nf3 Bg7 7. Bc4 Nf6 8. a4
O-O 9. O-O Bg4 10. h3 Bxf3 11. Qxf3 Nc6 12. Rd1 Qc7 13. Ba2 Nb4 14. Bb3 Rac8
15. Be3 Nd7 16. Rac1 Qb6 17. Qe2 Nc6 18. Bd5 Nxd4 19. Bxd4 Bxd4 20. a5 Qa7 21.
Rxd4 Qxd4 22. Bxb7 Rc5 23. Ra1 Qc4 24. Bxa6 Qxe2 25. Bxe2 Ra8 26. a6 Nb8 27.
Nd5 Kf8 28. b4 Rc2 29. Bd3 Rb2 30. b5 Nd7 31. a7 Rb3 32. Bf1 Nc5 33. Nc7 Rc8
34. a8=Q Rxa8 35. Rxa8+ Kg7 36. f3 1-0

[Event "3. Open Distrito Chamartín 2014"]
[Site "Madrid ESP"]
[Date "2014.09.11"]
[Round "6.10"]
[White "Quispe Arteaga, Gabriel"]
[Black "Ruiz Sanchez, Roberto"]
[Result "0-1"]
[WhiteElo "1777"]
[BlackElo "1910"]
[PlyCount "70"]
[EventDate "2014.09.07"]
[EventType "swiss"]
[EventRounds "9"]
[EventCountry "ESP"]
[SourceTitle "Ajedrez en Madrid"]
[Source "lmi"]
[SourceDate "2014.09.07"]
[SourceVersion "1"]
[SourceVersionDate "2015.07.30"]
[SourceQuality "1"]

1. d4 d5 2. e3 c5 3. Nf3 Nf6 4. c4 cxd4 5. Nxd4 Nc6 6. Nxc6 bxc6 7. Nc3 e6 8.
Be2 Be7 9. b3 O-O 10. O-O e5 11. cxd5 cxd5 12. Bb2 Be6 13. Rc1 Rc8 14. Nb5 a6
15. Na7 Rxc1 16. Qxc1 Bd6 17. Nc6 Qc7 18. a3 Rc8 19. Nb4 Qb8 20. Qd1 a5 21. Na6
Qb6 22. b4 Ra8 23. Qd3 Bc8 24. f4 Bxa6 25. b5 e4 26. Qb3 a4 27. Qc3 Rc8 28. Qd2
Bxb5 29. Bd4 Qa6 30. Bxb5 Qxb5 31. Qb2 Qb3 32. Qc2 Qd3 33. Qb2 Rc2 34. Qb7 Qe2
35. Qc8+ Rxc8 0-1